| 000 | 01326nab a2200205 i 4500 | ||
|---|---|---|---|
| 001 | 768714001 | ||
| 003 | CO-MdFUSB | ||
| 005 | 20240523110608.0 | ||
| 008 | 240523t1974 sp ||||| |||| 00| 0 spa d | ||
| 040 |
_bspa _cCO-MdFUSB _dCO-MdFUSB |
||
| 041 | _aspa | ||
| 100 |
_aBloching, Karl-Heinz, _d1932- _eautor |
||
| 245 | 3 |
_aLa muerte en la literatura actual _c/ Karl Heinz Bloching ; traducido por Félix Duque |
|
| 520 | _aLa literatura moderna refleja la experiencia de la muerte y las actitudes frente a ella. Su exposición presenta muy diversos matices. En la literatura se encuentran las distintas actitudes y comportamientos que existen ante este fenómeno. La muerte es un tema antiquísimo de la literatura, pero su enfoque ha variado. Se han hecho confusas, cuestionables, o incluso han desaparecido, relaciones que antes eran fundamentales y determinantes; por ejemplo, la fe o el mito. Y la literatura existe para descubrir y asegurar esas relaciones, para intentar representarlas y concretarlas. | ||
| 650 | 0 |
_aMuerte _91613 |
|
| 700 |
_aDuque, Félix, _etraductor |
||
| 773 | 0 |
_049450 _982674 _oR2584 _tRevista internacional de teología Concilium _w(CO-MdFUSB)8 _x0210-1041 _gNúmero 94, (abril, 1974), páginas: 20 - 28 _qpágina: 20 |
|
| 942 | _cANA | ||
| 945 | _aCatherine Arias Alvarez - Practicante SENA | ||
| 999 |
_c69868 _d69868 |
||